[Event "EUYCC 2022 - U12"]
[Site "?"]
[Date "2022.08.29"]
[Round "8.11"]
[White "Grunert, Greta"]
[Black "Kupka, Alexandr"]
[Result "0-1"]
[WhiteElo "1103"]
[BlackElo "1189"]
[PlyCount "118"]
[EventDate "2022.??.??"]

1. e4 e5 2. Nf3 Nc6 3. Bb5 a6 4. Ba4 Nf6 5. O-O b5 6. Bb3 Be7 7. Re1 d6 8. c3
O-O 9. h3 Na5 10. Bc2 c5 11. d4 cxd4 12. cxd4 Qc7 13. d5 Bd7 14. Nbd2 Rfc8 15.
Bd3 Nb7 16. Re3 Nc5 17. Be2 Qa7 18. b4 Na4 19. Nf1 Bd8 20. N3d2 Bb6 21. Rf3 Nc3
22. Qe1 Ncxe4 23. Nxe4 Nxe4 24. Bxb5 Nxf2 25. Be3 Nxh3+ 26. gxh3 Bxb5 27. Kf2
Rc2+ 28. Nd2 Bxe3+ 29. Rxe3 Rc3 30. Kf3 Rxe3+ 31. Qxe3 Qxe3+ 32. Kxe3 Rc8 33.
Nf3 Rc3+ 34. Kf2 f6 35. h4 Kf7 36. Nd2 Rd3 37. Nb3 Rxd5 38. Rc1 Kg6 39. Rc3 Rd3
40. Rxd3 Bxd3 41. Kg3 f5 42. Kf3 Kh5 43. Kg3 g5 44. hxg5 Kxg5 45. Nc1 Bb5 46.
Kf3 h5 47. Kg3 h4+ 48. Kh3 Bf1+ 49. Kh2 Kg4 50. a4 e4 51. b5 axb5 52. axb5 Bxb5
53. Ne2 Bxe2 54. Kh1 Bf3+ 55. Kh2 e3 56. Kg1 e2 57. Kh2 d5 58. Kg1 e1=Q+ 59.
Kh2 Qf2# 0-1

[Event "EUYCC 2022 - U12"]
[Site "?"]
[Date "2022.08.29"]
[Round "8.13"]
[White "Morova, Jaroslava"]
[Black "Arshinkova, Ralitsa"]
[Result "1/2-1/2"]
[WhiteElo "1323"]
[BlackElo "1217"]
[PlyCount "81"]
[EventDate "2022.??.??"]

1. e4 e5 2. Nf3 Nc6 3. Nc3 Nf6 4. a3 Bc5 5. h3 d6 6. Bc4 Be6 7. Ba2 a6 8. d3 h6
9. O-O Qd7 10. b4 Bd4 11. Nxd4 Nxd4 12. Ne2 Nxe2+ 13. Qxe2 Qc6 14. c4 b5 15.
Re1 bxc4 16. dxc4 O-O 17. Bb2 Nd7 18. Rac1 Qb7 19. Ba1 c5 20. Rb1 Qa7 21. Red1
cxb4 22. axb4 Qc7 23. Qd3 Nf6 24. Rb2 Rfd8 25. Rc2 Qc6 26. Re1 Rac8 27. Bb3 Rd7
28. Kh1 Rdc7 29. b5 axb5 30. cxb5 Qd7 31. Rxc7 Rxc7 32. f3 Bxb3 33. Qxb3 Qc8
34. Qa3 Rc5 35. Kh2 Ne8 36. Rb1 Qb7 37. b6 Rc6 38. Qe3 Nf6 39. Bc3 Nd7 40. Ba5
f6 41. Qb3+ 1/2-1/2